Представление документа в формате RUSMARC

ПолеНазваниеЗначение
  Тип записи a
  Библиографический уровень a
001 Контрольный номер f57e0a4db2b04fe0bb69c733f4c7a24b
005 Дата корректировки 20240903105311.6
100 Данные общей обработки __
a Данные общей обработки 20240830 ||| 0rusy0189 ca
101 Язык документа 0_
a Язык текста rus
102 Страна публикации __
a Страна публикации RU
200 Заглавие и сведения об ответственности 1_
a Заглавие Куколка Кувадка
e Сведения, относящиеся к заглавию сказка
f Первые сведения об ответственности Т. Кирюшатова
g Последующие сведения об ответственности рис. Д. Лапшиной
461 Уровень набора _0
1 2000
a Мурзилка
463 Уровень физической единицы _0
1 2000
b Текст
a № 8
v С. 12-14 : ил.
1 2101
d 2024
1 001a8fda4ae6e5144ebb587389eaf388c6c
606 Тематические рубрики 0_
a Основная рубрика Русская литература - 21 в.
610 Ключевые слова 0_
a Ключевые слова сказки о куклах, деревенские сказки, сказки про ведьм, сказки о братьях и сёстрах, сказки русских писателей, современные сказки, современные сказочники, детские писатели, писательницы-сказочницы, куклы-обереги (х. л.), русская литература
686 Индексы других классификаций __
a Классификационный индекс Р2
700 Автор _1
a Фамилия Кирюшатова
b Имя (инициалы) Т.
g Полное личное имя Татьяна
801 Источник записи _0
a Страна RU
b Организация УОБДЮ
c Дата составления 20240830
g Правила каталогизации RCR
801 Источник записи _1
a Страна RU
b Организация УОБДЮ
c Дата составления 20240830
g Правила каталогизации RCR
901 Тип документа __
t Тип документа b
w Контрольный № источника a8fda4ae6e5144ebb587389eaf388c6c
905 Данные по созданию БЗ __
b Логин пользователя, который создал БЗ ibo10